000 00561nam a22001937a 4500
005 20251108171136.0
008 250721s1991 xx 000 0 ara d
082 1 4 _a296/كما
100 1 _aالصليبي، كمال
245 1 0 _aالتوراة جاءت من جزيرة العرب /
250 _aط4
264 1 _aبيروت :
_bمؤسسة الأبحاث العربية،
_c1991.
300 _a336ص
650 1 7 _aاليهودية
650 1 7 _aالتوراة
700 1 _aالرزاز، عفيف
_eترجمة
942 _2ddc
_cBK
999 _c57677
_d57677